<?xml version="1.0" encoding="UTF-8"?>
<record
    xmlns:xsi="http://www.w3.org/2001/XMLSchema-instance"
    xsi:schemaLocation="http://www.loc.gov/MARC21/slim http://www.loc.gov/standards/marcxml/schema/MARC21slim.xsd"
    xmlns="http://www.loc.gov/MARC21/slim">

  <leader>04554nab a2200277 i 4500</leader>
  <controlfield tag="003">BR-BrBNA</controlfield>
  <controlfield tag="005">20250930200025.0</controlfield>
  <controlfield tag="008">250930b2022    bl.ar|pooa||| 00| 0 eng |</controlfield>
  <datafield tag="040" ind1=" " ind2=" ">
    <subfield code="a">BR-BrBNA</subfield>
    <subfield code="b">eng</subfield>
  </datafield>
  <datafield tag="072" ind1=" " ind2=" ">
    <subfield code="a">E50</subfield>
  </datafield>
  <datafield tag="072" ind1=" " ind2=" ">
    <subfield code="a">S01</subfield>
  </datafield>
  <datafield tag="100" ind1=" " ind2=" ">
    <subfield code="a">Palmieri, Valentina Saur </subfield>
  </datafield>
  <datafield tag="100" ind1=" " ind2=" ">
    <subfield code="a">L&#xF3;pez, Mar&#xED;a Laura </subfield>
  </datafield>
  <datafield tag="100" ind1=" " ind2=" ">
    <subfield code="a">Trillo, Cecilia </subfield>
  </datafield>
  <datafield tag="245" ind1=" " ind2=" ">
    <subfield code="a">Wild edible plants of the Central Mountains in Argentina. Comparing subregions to understand the complexity of local botanical knowledge</subfield>
  </datafield>
  <datafield tag="500" ind1=" " ind2=" ">
    <subfield code="a">Publica&#xE7;&#xE3;o on-line; Bibliography p. 11-14 (67 ref.); 2 illus.; Summaries (En, Es) </subfield>
  </datafield>
  <datafield tag="520" ind1=" " ind2=" ">
    <subfield code="a">

Abstract

This work evaluates similarities and differences in the processing and consumption of wild flora in three subregions
of Central Argentina. It aims to both deepen the knowledge of present local food culture and to contribute to the
interpretation of the archaeobotanical data previously generated in the area. Open and semi-structured interviews were
conducted in each subregion and the cultural importance index was calculated for each mentioned plant. A total of 45
species and 24 practices were listed and, while 42% of the taxa were common to the subregions, 33% of the species 
(e.g., Ximenia americana in the north) and 25% of the practices (e.g., &#x201C;milanesa&#x201D; in the west) were mentioned exclusively
in one of them. These particularities were attributed to both ecological (i.e. plant availability) and socio-cultural
factors (i.e. presence of neo-rural settlers). Our results enhanced our understanding of the local botanical knowledge
of the entire mountain area, increasing the understanding of the region as a biocultural system and contributing to
the conservation of the area. Moreover, the comparison between the taxa mentioned in the present and those listed in
previous archaeobotanical studies in the area, showed that 78% of the wild taxa recovered from archaeological sites
are mentioned in the present (e.g., Lithraea molleoides). Consequently, the present results about food processing are
a basis for future studies of the human-plant relationship in the central mountains of Argentina over time.

Key words: C&#xF3;rdoba province, ethnobotany, food plants, knowledge transmission.




Resumen

En este trabajo se eval&#xFA;an las similitudes y diferencias en el procesamiento y el consumo de flora silvestre en tres
subregiones del centro de Argentina. Se pretende as&#xED; profundizar el conocimiento sobre la actual cultura alimentaria
local y contribuir a la interpretaci&#xF3;n de los datos arqueobot&#xE1;nicos generados previamente. Se realizaron entrevistas
abiertas y semi-estructuradas en cada subregi&#xF3;n y se calcul&#xF3; el &#xED;ndice de importancia cultural para cada planta. Se
registr&#xF3; un total de 45 especies y 24 pr&#xE1;cticas asociadas a ellas. Mientras que el 42% de los taxones fue com&#xFA;n a
todas las subregiones, el 33% de las especies (ej., Ximenia americana en el norte) y el 25% de las pr&#xE1;cticas (ej.,
&#x201C;milanesas&#x201D; en el oeste) se mencion&#xF3; exclusivamente en una de ellas. Estas particularidades fueron atribuidas a
factores ecol&#xF3;gicos (i.e. disponibilidad ambiental) y socio-culturales (i.e. presencia de pobladores neorrurales). Estos
resultados profundizan nuestro conocimiento sobre los saberes bot&#xE1;nicos locales de toda el &#xE1;rea monta&#xF1;osa, lo cual
constituye un importante avance en el conocimiento de la regi&#xF3;n como sistema biocultural y es de gran relevancia para
su conservaci&#xF3;n. Asimismo, la comparaci&#xF3;n entre las especies mencionadas en el presente y aquellas enumeradas en
estudios arqueobot&#xE1;nicos previos en el &#xE1;rea mostr&#xF3; que el 78% de los taxones recuperados de sitios arqueol&#xF3;gicos es
mencionado en el presente (ej., Lithraea molleoides). Por ende, los resultados de este trabajo referidos al procesamiento
vegetal actual constituyen una base para estudios futuros de las interrelaciones humano-plantas en las monta&#xF1;as
centrales de Argentina a trav&#xE9;s del tiempo.

Palabras clave: provincia de C&#xF3;rdoba, etnobot&#xE1;nica, plantas alimenticias, transmisi&#xF3;n de conocimientos.</subfield>
  </datafield>
  <datafield tag="650" ind1=" " ind2=" ">
    <subfield code="a">PROV&#xCD;NCIA DE C&#xD3;RDOBA</subfield>
  </datafield>
  <datafield tag="650" ind1=" " ind2=" ">
    <subfield code="a">ETNOBOT&#xC2;NICA</subfield>
  </datafield>
  <datafield tag="650" ind1=" " ind2=" ">
    <subfield code="a">FLOR COMEST&#xCD;VEL</subfield>
  </datafield>
  <datafield tag="650" ind1=" " ind2=" ">
    <subfield code="a">SOCIOLOGIA RURAL</subfield>
  </datafield>
  <datafield tag="773" ind1="0" ind2=" ">
    <subfield code="0">709</subfield>
    <subfield code="9">357916</subfield>
    <subfield code="d">Rio de Janeiro-RJ Jardim Botanico do Rio de Janeiro 1935</subfield>
    <subfield code="o">2025-5881</subfield>
    <subfield code="t">Rodrigu&#xE9;sia (Brazil)</subfield>
    <subfield code="x">0370-6583; 2175-7860 on-line</subfield>
    <subfield code="g">v. 73 p. 1-14; (2022)</subfield>
    <subfield code="w">BR2025002632</subfield>
  </datafield>
  <datafield tag="856" ind1=" " ind2=" ">
    <subfield code="u">https://www.scielo.br/j/rod/a/QKjdkMTS6GGpg68DQHK6fng/?format=pdf&amp;lang=en</subfield>
  </datafield>
  <datafield tag="942" ind1=" " ind2=" ">
    <subfield code="c">ANA</subfield>
  </datafield>
  <datafield tag="999" ind1=" " ind2=" ">
    <subfield code="c">338494</subfield>
    <subfield code="d">338494</subfield>
  </datafield>
</record>
